Développements récents en économie et finances internationales : Mélanges en l'honneur du Professeur René Sandretto (notice n° 1568824)

détails MARC
000 -LEADER
fixed length control field 02142cam a2200181 4500500
005 - DATE AND TIME OF LATEST TRANSACTION
control field 20251214005428.0
041 ## - LANGUAGE CODE
Language code of text/sound track or separate title fre
042 ## - AUTHENTICATION CODE
Authentication code dc
100 10 - MAIN ENTRY--PERSONAL NAME
Personal name Abdelmalki, Lahsen
Relator term author
245 00 - TITLE STATEMENT
Title Développements récents en économie et finances internationales : Mélanges en l'honneur du Professeur René Sandretto
260 ## - PUBLICATION, DISTRIBUTION, ETC.
Name of publisher, distributor, etc. Armand Colin,<br/>
Date of publication, distribution, etc. 2012.<br/>
520 ## - SUMMARY, ETC.
Summary, etc. La science économique progresse à travers les débats qu’elle engage. L’économie, a fortiori internationale, repose essentiellement sur l’analyse de faits économiques et sociétaux vécus. Loin de la spéculation artificielle sans prise sur le réel, René Sandretto a fait sienne la prescription bergsonienne : « Il faut agir en homme de pensée et penser en homme d’action ». Ce disciple de François Perroux appartient aussi à cette catégorie d’universitaires capables de conjuguer les exigences de la coopération académique avec la nécessité de prendre en considération les situations et les besoins des hommes, de tous les hommes, là où ils se trouvent. René Sandretto a accompli des dizaines de missions de terrain en Afrique, en Asie et en Amérique, en partenariat avec les États, les institutions internationales ou la société civile, apportant la preuve que la science économique peut être utilement mise au service de l’action. Nourris par tant de voyages, de rencontres et d’échanges, ses travaux livrent les clés d’une compréhension lucide des phénomènes économiques contemporains. Trente auteurs universitaires (européens, africains, américains) et professionnels de diverses institutions internationales ont choisi de lui rendre hommage dans ce livre collectif et pluridisciplinaire. Ils ont en commun d’avoir collaboré avec René Sandretto. Tous témoignent ici de la fécondité de sa pensée…
700 10 - ADDED ENTRY--PERSONAL NAME
Personal name Allegret, Jean-Pierre
Relator term author
700 10 - ADDED ENTRY--PERSONAL NAME
Personal name Puech, Florence
Relator term author
700 10 - ADDED ENTRY--PERSONAL NAME
Personal name Sadni Jallab, Mustapha
Relator term author
700 10 - ADDED ENTRY--PERSONAL NAME
Personal name Silem, Ahmed
Relator term author
856 41 - ELECTRONIC LOCATION AND ACCESS
Uniform Resource Identifier <a href="https://shs.cairn.info/developpements-recents-en-economie-et-finances--9782200280536?lang=fr&redirect-ssocas=7080">https://shs.cairn.info/developpements-recents-en-economie-et-finances--9782200280536?lang=fr&redirect-ssocas=7080</a>

Pas d'exemplaire disponible.

PLUDOC

PLUDOC est la plateforme unique et centralisée de gestion des bibliothèques physiques et numériques de Guinée administré par le CEDUST. Elle est la plus grande base de données de ressources documentaires pour les Étudiants, Enseignants chercheurs et Chercheurs de Guinée.

Adresse

627 919 101/664 919 101

25 boulevard du commerce
Kaloum, Conakry, Guinée

Réseaux sociaux

Powered by Netsen Group @ 2025